| 000 | 00463pab a2200181 454500 | ||
|---|---|---|---|
| 008 | 180718b2014 xxu||||| |||| 00| 0 eng d | ||
| 100 | _aMukherjee, Dhurjati | ||
| 245 | _aBudget and the rural sector-technology and rurban approach refreshing | ||
| 260 | _c2014 | ||
| 300 | _ap.13-15. | ||
| 362 | _aAug | ||
| 650 | _aScience and technology | ||
| 650 | _aRural development | ||
| 650 | _aBudgets | ||
| 773 | _aKurukshetra | ||
| 908 | _aN | ||
| 909 | _a105421 | ||
| 999 |
_c105416 _d105416 |
||